000 01208 a2200229 4500
003 Nust
005 20221128131635.0
010 _a 98044441
020 _a0130312797
035 _a(DLC) 98044441
040 _cNust
082 0 0 _a519.3024, BEL
100 1 _aBelegundu, Ashok D.,
_9103682
245 1 0 _aOptimization concepts and applications in engineering /
_cAshok D. Belegundu, Tirupathi R. Chandrupatla.
260 _aUpper Saddle River, N.J. :
_bPrentice Hall,
_cc1999.
300 _axi, 432 p. :
_bill. ;
_c25 cm. +
_e1 computer laser optical disc (4 3/4 in.).
505 _aPreliminary Concepts (Page-1), One Dimensional Unconstrained Minimization (Page-21), Unconstrained Minimization (Page-56), Linear Programming (Page-92), Constrained Minimization (Page-141), Penalty Function and Duality Based Methods (Page-222),Direct Methods for Nonlinear Optimization (Page-259), Integer and Discrete Programming (Page-296), Dynamic Programming (Page-327), Pareto Optimality (Page-373), Finite Element Based Optimization (Page-385),
650 0 _aEngineering
_xMathematical models.
650 0 _aMathematical optimization.
700 1 _aChandrupatla, Tirupathi R.,
_d1944-
_9103683
942 _2ddc
_cBK
999 _c181155
_d181155